00321nam a2200133Ia 4500008004100000082001500041100002000056245003400076250001200110260004200122300001000164365000500174542000800179220603s9999 xx 000 0 und d a615.1bVAL aVallerand April aDavis's Drug Guide For Nurses a13th ed aPhiladelphiabF A Davis Companyc2011 a1494p b bMSC